000
00268nam a22001217a 4500
003
SGT
082
_a
616.89
_b
P01S
100
_a
SKRINE, RUTH
245
_a
PSYCHOSEXUAL MEDICINE AN INTRODUCTION
260
_a
LONDON
_b
ARNOLD
_c
2001
300
_a
242
942
_2
ddc
_c
BK
999
_c
14915
_d
14915